[Event "Vlissingen HZ op 26th"]
[Site "Vlissingen"]
[Date "2024.08.03"]
[Round "1"]
[White "Tarigan, Gilbert Elroy"]
[Black "Westveer, Riny"]
[Result "1-0"]
[WhiteElo "2359"]
[BlackElo "1884"]
[PlyCount "49"]
[EventDate "2024.08.03"]
[EventType "swiss"]
[EventRounds "9"]
[EventCountry "NED"]
[SourceTitle "CBM 221 Extra"]
[Source "ChessBase"]
[SourceDate "2024.09.30"]
[SourceVersion "1"]
[SourceVersionDate "2024.09.30"]
[SourceQuality "1"]

1. Nf3 d5 2. g3 Nf6 3. Bg2 c5 4. 0-0 Nc6 5. d3 e5 6. a4 Be7 7. e4 dxe4 8. dxe4 0-0 9. Nbd2 Qc7 10. c3 Rd8 11. Qe2 b6 12. Re1 h6 13. Nh4 Be6 14. Nc4 Rd7 15. Nf5 Bf8 16. f4 Bxc4 17. Qxc4 Na5 18. Qf1 Nb3 19. fxe5 Ng4 20. Rb1 Nxc1 21. Rexc1 Qxe5 22. Qf3 Nf6 23. Rf1 Nh7 24. Nxh6+ gxh6 25. Qg4+ 1-0